[Event "IECC CL7-2000.07"]
[Site "IECC email"]
[Date "1999.12.17"]
[Round "?"]
[White "Neatham, Graeme"]
[Black "Wallace, Richard"]
[Result "1-0"]
[WhiteElo "1040"]
[BlackElo "699"]
[PlyCount "23"]
[EventDate "2000.??.??"]
[EventType "tourn (corr)"]
[EventRounds "4"]
[SourceTitle "Corr 2008"]
[Source "ChessBase"]
[SourceDate "2008.06.24"]
[SourceVersion "1"]
[SourceVersionDate "2008.06.24"]
[SourceQuality "1"]

1. c4 c5 2. g3 Nc6 3. Bg2 e5 4. Nc3 d6 5. e3 Nf6 6. Nge2 Bg4 7. 0-0 Be7 8. b3 Nb4 9. Bxb7 Bh3 10. Bxa8 Qxa8 11. f3 Nd3 12. Ba3 1-0

[Event "IECC Swiss email"]
[Site "IECC email"]
[Date "1999.11.24"]
[Round "?"]
[White "Vio, Mauro"]
[Black "Wallace, Richard"]
[Result "1-0"]
[WhiteElo "1115"]
[BlackElo "725"]
[PlyCount "25"]
[EventDate "1999.??.??"]
[EventType "tourn (corr)"]
[EventRounds "6"]
[SourceTitle "Corr 2008"]
[Source "ChessBase"]
[SourceDate "2008.06.24"]
[SourceVersion "1"]
[SourceVersionDate "2008.06.24"]
[SourceQuality "1"]

1. e4 e5 2. Nf3 Nc6 3. Bb5 a6 4. Ba4 Nf6 5. 0-0 Nxe4 6. d4 exd4 7. Re1 Bb4 8. Rxe4+ Ne5 9. Nxe5 0-0 10. Qxd4 Bd6 11. Bh6 b5 12. Nc6 dxc6 13. Qxg7# 1-0

[Event "IECC CL7-2000.05"]
[Site "IECC email"]
[Date "1999.11.21"]
[Round "?"]
[White "Fisher, Alexander J"]
[Black "Wallace, Richard"]
[Result "1-0"]
[WhiteElo "1005"]
[BlackElo "771"]
[PlyCount "27"]
[EventDate "2000.??.??"]
[EventType "tourn (corr)"]
[EventRounds "4"]
[SourceTitle "Corr 2008"]
[Source "ChessBase"]
[SourceDate "2008.06.24"]
[SourceVersion "1"]
[SourceVersionDate "2008.06.24"]
[SourceQuality "1"]

1. e4 e5 2. Nf3 Nf6 3. Nxe5 d6 4. Nf3 d5 5. e5 Nfd7 6. d4 Bb4+ 7. c3 Ba5 8. Bd3 Nb6 9. Bg5 Qd7 10. b4 0-0 11. Qc2 h6 12. bxa5 Nc4 13. Bxc4 dxc4 14. Bf4 1-0

[Event "IECC TH-M email"]
[Site "IECC email"]
[Date "1999.11.18"]
[Round "?"]
[White "Wallace, Richard"]
[Black "Katz, Rafael Marcos"]
[Result "0-1"]
[WhiteElo "720"]
[BlackElo "2211"]
[PlyCount "34"]
[EventDate "1999.??.??"]
[EventType "match (corr)"]
[EventRounds "2"]
[SourceTitle "Corr 2008"]
[Source "ChessBase"]
[SourceDate "2008.06.24"]
[SourceVersion "1"]
[SourceVersionDate "2008.06.24"]
[SourceQuality "1"]

1. d4 d5 2. c4 c6 3. Nf3 dxc4 4. Nc3 b5 5. Bf4 Nf6 6. g3 Nd5 7. Ne4 Nxf4 8. gxf4 e6 9. Nfd2 Qxd4 10. e3 Qxb2 11. Rb1 Qxa2 12. Nd6+ Bxd6 13. Bg2 c3 14. 0-0 c2 15. Qc1 cxb1Q 16. Qxb1 Qxd2 17. Bxc6+ Nxc6 0-1

[Event "IECC Swiss email"]
[Site "IECC email"]
[Date "1999.11.16"]
[Round "?"]
[White "Stoffers, Ben"]
[Black "Wallace, Richard"]
[Result "1-0"]
[WhiteElo "1363"]
[BlackElo "740"]
[PlyCount "27"]
[EventDate "1999.??.??"]
[EventType "tourn (corr)"]
[EventRounds "6"]
[SourceTitle "Corr 2008"]
[Source "ChessBase"]
[SourceDate "2008.06.24"]
[SourceVersion "1"]
[SourceVersionDate "2008.06.24"]
[SourceQuality "1"]

1. d4 f5 2. g3 Nf6 3. Bg2 d5 4. c4 Be6 5. Nc3 dxc4 6. Bxb7 Bd5 7. Nxd5 e6 8. Nxf6+ Kf7 9. Nxh7 Rxh7 10. Bxa8 Nd7 11. Bc6 Kg8 12. Nf3 Bb4+ 13. Bd2 Qb8 14. Bxd7 1-0

[Event "IECC CL7-2000.04 "]
[Site "IECC email"]
[Date "1999.11.11"]
[Round "?"]
[White "Wallace, Richard"]
[Black "Kadil, Robert"]
[Result "0-1"]
[WhiteElo "731"]
[BlackElo "1027"]
[PlyCount "52"]
[EventDate "2000.??.??"]
[EventType "tourn (corr)"]
[EventRounds "4"]
[SourceTitle "Corr 2008"]
[Source "ChessBase"]
[SourceDate "2008.06.24"]
[SourceVersion "1"]
[SourceVersionDate "2008.06.24"]
[SourceQuality "1"]

1. e4 c5 2. d3 Nc6 3. Nf3 d6 4. d4 e5 5. Bc4 Nxd4 6. Nxd4 cxd4 7. Bf4 exf4 8. 0-0 Qb6 9. c3 dxc3 10. Nxc3 Nf6 11. Nd5 Nxd5 12. exd5 Qxb2 13. Qe2+ Qxe2 14. Bxe2 Bd7 15. Rac1 Be7 16. Rc7 b6 17. Rfc1 Bd8 18. Rxd7 Kxd7 19. Bb5+ Ke7 20. Re1+ Kf6 21. g4 g5 22. Bd3 Kg7 23. Kg2 Bf6 24. h4 Rac8 25. hxg5 Bxg5 26. Rh1 h6 0-1

[Event "IECC TH-M email"]
[Site "IECC email"]
[Date "1999.11.11"]
[Round "?"]
[White "Wallace, Richard"]
[Black "Lafargue, Philippe"]
[Result "0-1"]
[WhiteElo "701"]
[BlackElo "922"]
[PlyCount "44"]
[EventDate "1999.??.??"]
[EventType "match (corr)"]
[EventRounds "2"]
[SourceTitle "Corr 2008"]
[Source "ChessBase"]
[SourceDate "2008.06.24"]
[SourceVersion "1"]
[SourceVersionDate "2008.06.24"]
[SourceQuality "1"]

1. d4 d5 2. c4 e6 3. g3 dxc4 4. Bd2 Qxd4 5. Nf3 Qxb2 6. Nc3 Bb4 7. Ne4 c3 8. Rb1 cxd2+ 9. Nfxd2 Bxd2+ 10. Nxd2 Qxa2 11. Qb3 Qxb3 12. Rxb3 Nc6 13. Ne4 Nd4 14. Rb2 e5 15. e3 Nf3+ 16. Ke2 Bg4 17. Bg2 Ng1+ 18. Ke1 0-0-0 19. Nc3 Rd3 20. Rb3 Nf6 21. Bxb7+ Kd7 22. Ba6 Nf3+ 0-1

[Event "IECG QN.1999.0.00087"]
[Site "IECG email"]
[Date "1999.11.07"]
[Round "?"]
[White "Lottis, Daniel"]
[Black "Wallace, Richard"]
[Result "1-0"]
[WhiteElo "950"]
[BlackElo "976"]
[PlyCount "27"]
[EventDate "1999.11.07"]
[EventType "tourn (corr)"]
[EventRounds "6"]
[SourceTitle "Corr 2008"]
[Source "ChessBase"]
[SourceDate "2008.06.24"]
[SourceVersion "1"]
[SourceVersionDate "2008.06.24"]
[SourceQuality "1"]

1. d4 Nf6 2. c4 g6 3. Nf3 Bg7 4. Nc3 d5 5. b3 Bd7 6. Bf4 dxc4 7. bxc4 Nc6 8. e3 Nb4 9. a3 Nc6 10. c5 0-0 11. h3 g5 12. Nxg5 e5 13. Bxe5 Nxe5 14. dxe5 1-0

[Event "IECG QN.1999.0.00087"]
[Site "IECG email"]
[Date "1999.11.07"]
[Round "?"]
[White "Lynch, Seth"]
[Black "Wallace, Richard"]
[Result "1-0"]
[WhiteElo "800"]
[BlackElo "976"]
[PlyCount "35"]
[EventDate "1999.11.07"]
[EventType "tourn (corr)"]
[EventRounds "6"]
[SourceTitle "Corr 2008"]
[Source "ChessBase"]
[SourceDate "2008.06.24"]
[SourceVersion "1"]
[SourceVersionDate "2008.06.24"]
[SourceQuality "1"]

1. e4 c5 2. Nf3 d6 3. d4 cxd4 4. Nxd4 Nf6 5. Nc3 e5 6. Bb5+ Nc6 7. Nxc6 bxc6 8. Bxc6+ Bd7 9. Bxa8 Qxa8 10. 0-0 Ng4 11. Nd5 h5 12. Nc7+ Ke7 13. Nxa8 h4 14. Nc7 h3 15. g3 Kd8 16. Nd5 Bb5 17. Qxg4 f5 18. Bg5+ 1-0

[Event "IECG QN.1999.0.00087"]
[Site "IECG email"]
[Date "1999.11.07"]
[Round "?"]
[White "Wallace, Richard"]
[Black "Lottis, Daniel"]
[Result "0-1"]
[WhiteElo "976"]
[BlackElo "950"]
[PlyCount "28"]
[EventDate "1999.11.07"]
[EventType "tourn (corr)"]
[EventRounds "6"]
[SourceTitle "Corr 2008"]
[Source "ChessBase"]
[SourceDate "2008.06.24"]
[SourceVersion "1"]
[SourceVersionDate "2008.06.24"]
[SourceQuality "1"]

1. e4 e5 2. Bc4 Nf6 3. d3 Bc5 4. b4 Bxb4+ 5. Bd2 Bc5 6. Nf3 d6 7. Nc3 Nc6 8. Bg5 Bb4 9. Qd2 0-0 10. Nd5 Bxd2+ 11. Nxd2 Nd4 12. 0-0 Nxc2 13. Rac1 Nd4 14. f4 Ne2+ 0-1

[Event "IECG QN.1999.0.00087"]
[Site "IECG email"]
[Date "1999.11.07"]
[Round "?"]
[White "Wallace, Richard"]
[Black "Lynch, Seth"]
[Result "0-1"]
[WhiteElo "976"]
[BlackElo "800"]
[PlyCount "38"]
[EventDate "1999.11.07"]
[EventType "tourn (corr)"]
[EventRounds "6"]
[SourceTitle "Corr 2008"]
[Source "ChessBase"]
[SourceDate "2008.06.24"]
[SourceVersion "1"]
[SourceVersionDate "2008.06.24"]
[SourceQuality "1"]

1. e4 e5 2. Nc3 Nf6 3. Bc4 Nxe4 4. Nxe4 d5 5. d3 dxc4 6. dxc4 Qxd1+ 7. Kxd1 Be6 8. Be3 Nc6 9. Ne2 0-0-0+ 10. Ke1 Bxc4 11. Rd1 Be7 12. N2c3 Rxd1+ 13. Kxd1 f5 14. Ng3 f4 15. Nf5 fxe3 16. fxe3 g6 17. Ng3 Bg5 18. Rf1 Bxf1 19. Nxf1 Rd8+ 0-1

[Event "IECC Y2KO email"]
[Site "IECC email"]
[Date "1999.10.14"]
[Round "?"]
[White "Cornell, David"]
[Black "Wallace, Richard"]
[Result "1-0"]
[WhiteElo "1624"]
[BlackElo "749"]
[PlyCount "27"]
[EventDate "1999.??.??"]
[EventType "tourn (corr)"]
[EventRounds "2"]
[SourceTitle "Corr 2008"]
[Source "ChessBase"]
[SourceDate "2008.06.24"]
[SourceVersion "1"]
[SourceVersionDate "2008.06.24"]
[SourceQuality "1"]

1. d4 Nf6 2. Nf3 g6 3. Bf4 d5 4. e3 Bg7 5. Nbd2 b6 6. c4 0-0 7. cxd5 Nxd5 8. Bg3 Be6 9. a3 Nc6 10. Rc1 Qd7 11. Bb5 a6 12. Bxc6 Qd6 13. Bxd6 exd6 14. Bxa8 1-0

[Event "IECC Y2KO email"]
[Site "IECC email"]
[Date "1999.10.14"]
[Round "?"]
[White "Wallace, Richard"]
[Black "Cornell, David"]
[Result "0-1"]
[WhiteElo "749"]
[BlackElo "1624"]
[PlyCount "24"]
[EventDate "1999.??.??"]
[EventType "tourn (corr)"]
[EventRounds "2"]
[SourceTitle "Corr 2008"]
[Source "ChessBase"]
[SourceDate "2008.06.24"]
[SourceVersion "1"]
[SourceVersionDate "2008.06.24"]
[SourceQuality "1"]

1. e4 b6 2. e5 Bb7 3. Nc3 e6 4. Bc4 Bxg2 5. d4 Bxh1 6. Qd3 Bb7 7. Be3 Bb4 8. 0-0-0 Bxc3 9. Qxc3 Ne7 10. d5 Bxd5 11. Ne2 Bxc4 12. Rxd7 Qxd7 0-1